ASOM UCHATAR MADHYAMIK MAHALAR PADARTHA BIGYAN (P-II) (Record no. 2846)
[ view plain ]
| 000 -LEADER | |
|---|---|
| fixed length control field | 00533cam a2200193ua 4500 |
| 008 - FIXED-LENGTH DATA ELEMENTS--GENERAL INFORMATION | |
| fixed length control field | 160630n1986 II |||gr||||Z||||||asm |
| 040 ## - CATALOGING SOURCE | |
| Original cataloging agency | MAIN |
| 041 ## - LANGUAGE CODE | |
| -- | English |
| 082 ## - DEWEY DECIMAL CLASSIFICATION NUMBER | |
| Classification number | 530 PAT |
| 100 ## - MAIN ENTRY--PERSONAL NAME | |
| Personal name | PATHOK, KISHORI MOHAN. |
| 245 ## - TITLE STATEMENT | |
| Title | ASOM UCHATAR MADHYAMIK MAHALAR PADARTHA BIGYAN (P-II) |
| 260 ## - PUBLICATION, DISTRIBUTION, ETC. | |
| Place of publication, distribution, etc. | GUWAHATI |
| Name of publisher, distributor, etc. | GAUHATI UNIVERSITY COORDINATION COMMITTEE |
| Date of publication, distribution, etc. | 1986 |
| 300 ## - PHYSICAL DESCRIPTION | |
| Extent | 431.: |
| Dimensions | 24CM. |
| 700 ## - ADDED ENTRY--PERSONAL NAME | |
| Personal name | PATHOK, KISHORI MOHAN., |
| Relator term | Author. |
| 700 ## - ADDED ENTRY--PERSONAL NAME | |
| Personal name | DEVAGOSWAMI, TRILUSAN. |
| 942 ## - ADDED ENTRY ELEMENTS (KOHA) | |
| Koha item type | Books |
| 653 ## - INDEX TERM--UNCONTROLLED | |
| Uncontrolled term | Physics |
| Withdrawn status | Lost status | Damaged status | Not for loan | Collection code | Home library | Current library | Shelving location | Date acquired | Full call number | Barcode | Date last seen | Copy number | Price effective from | Koha item type | Public note |
|---|---|---|---|---|---|---|---|---|---|---|---|---|---|---|---|
| TBPHY | Central Library and Information Centre Sibsagar Girls College | Central Library and Information Centre Sibsagar Girls College | Physics Rack | 07.03.1985 | 530 PAT | 11050 | 27.02.2020 | 1 | 27.02.2020 | Books | |||||
| Withdrawn | TBPHY | Central Library and Information Centre Sibsagar Girls College | Central Library and Information Centre Sibsagar Girls College | Withdraw items | 07.03.1985 | 530 PAT | 11051 | 27.02.2020 | 2 | 27.02.2020 | Books | V |